000 00622cam a2200217 4500500
005 20260329004946.0
041 _afre
042 _adc
100 1 0 _aPortevin, Catherine
_eauthor
245 0 0 _aSecrets de thérapeute
260 _c2021.
500 _a25
690 _aCulture
690 _aethnopsychiatrie
690 _aInvisible
690 _aRituels
690 _aThérapeutes
690 _aTobie Nathan
786 0 _nPhilosophie magazine | 154 | 11 | 2021-11-01 | p. 74-74 | 1951-1787
856 4 1 _uhttps://shs.cairn.info/magazine-philosophie-magazine-2021-11-page-74?lang=fr&redirect-ssocas=7080
999 _c1838933
_d1838933